| 000 | 00415nam a22001457a 4500 | ||
|---|---|---|---|
| 008 | 131219b xxu||||| |||| 00| 0 eng d | ||
| 020 | _a9781444102239 | ||
| 050 | _aB2430.F724O48 2010 | ||
| 100 |
_aOliver. Paul _95954 |
||
| 245 |
_aFoucault _bthe key ideas _cOliver Paul |
||
| 260 |
_aLondon _bHodder Headline _c2010 |
||
| 300 |
_axi, 179p. ; _c 20cm. |
||
| 600 |
_aFoucault, Michel _95955 |
||
| 942 |
_2lcc _cMONOGRAPH |
||
| 999 |
_c119351 _d119351 |
||